Plato's philosophy of mathematics /

Bibliographic Details
Main Author: Wedberg, Anders, 1913-1978
Format: Book
Language:English
Published: Westport, Conn. : Greenwood Press, 1977
Subjects:

MARC

Tag First Indicator Second Indicator Subfields
LEADER 00000pam a2200000 i 4500
001 in00000596348
005 20151014165330.0
008 761026r1977 ctu b 00010 eng
010 |a  76050071  
020 |a 0837194059 
035 |a (OCoLC)02598654 
035 |9 ACS4805AM 
040 |a DLC  |c DLC  |d TXA  |d UtOrBLW 
049 |a TXAM  |c [1538340] 
050 1 0 |a QA8.4  |b .W4 1977 
082 0 |a 510/.1 
100 1 |a Wedberg, Anders,  |d 1913-1978. 
245 1 0 |a Plato's philosophy of mathematics /  |c by Anders Wedberg. 
264 1 |a Westport, Conn. :  |b Greenwood Press,  |c 1977 
264 4 |c ©1955 
300 |a 154 pages ;  |c 23 cm. 
336 |a text  |b txt  |2 rdacontent 
337 |a unmediated  |b n  |2 rdamedia 
338 |a volume  |b nc  |2 rdacarrier 
500 |a Reprint of the edition published by Almqvist & Wiksell, Stockholm. 
504 |a Includes bibliographical references. 
600 0 0 |a Plato. 
650 0 |a Mathematics  |x Philosophy. 
999 |a MARS 
999 f f |s eeb900af-fc2f-3e54-b415-19156f5e9abf  |i 84a54a58-5b53-3b58-81af-6df1096bfeaa  |t 0 
952 f f |p normal  |a Texas A&M University  |b College Station  |c Sterling C. Evans Library  |d Evans: Library Stacks  |t 0  |e QA8.4 .W4 1977  |h Library of Congress classification  |i unmediated -- volume  |m A14804434371 
998 f f |a QA8.4 .W4 1977  |t 0  |l Evans: Library Stacks